[Event "HUN-chT2 Barcza 0506"]
[Site "Hungary"]
[Date "2006.04.23"]
[Round "11"]
[White "Ats, Laszlo Gyorgy"]
[Black "Lorincz, Otto"]
[Result "1-0"]
[WhiteElo "2167"]
[BlackElo "2045"]
[PlyCount "107"]
[EventDate "2005.10.16"]
[EventType "team"]
[EventRounds "11"]
[EventCountry "HUN"]
[SourceTitle "EXT 2009"]
[Source "ChessBase"]
[SourceDate "2008.11.26"]
[SourceVersion "1"]
[SourceVersionDate "2008.11.26"]
[SourceQuality "1"]
[WhiteTeam "Lokomotiv"]
[BlackTeam "Tiszaujvaros"]
[WhiteTeamCountry "HUN"]
[BlackTeamCountry "HUN"]

1. h4 d5 2. d4 Bf5 3. Bf4 Nc6 4. e3 a6 5. a3 Nf6 6. Nd2 e6 7. Ngf3 Bg4 8. Be2 Bd6 9. Ne5 Bxe5 10. dxe5 Bxe2 11. Qxe2 Ng8 12. Qg4 g6 13. h5 Nge7 14. Nf3 Qd7 15. hxg6 Nxg6 16. Rh5 0-0-0 17. Qh3 Nxf4 18. exf4 Rdg8 19. 0-0-0 Rg7 20. Ng5 Qe7 21. Rxd5 Kb8 22. Rd1 Nxe5 23. Nxe6 Qxe6 24. fxe5 Qa2 25. c3 Qc4 26. g3 Qe2 27. Rd2 Qe1+ 28. Kc2 Qe4+ 29. Kb3 Rg6 30. Qh4 Rg4 31. Qf6 Qc4+ 32. Kc2 Qe4+ 33. Kc1 Re8 34. Qxf7 Rxe5 35. Rxe5 Qxe5 36. Qf3 Re4 37. Qd3 Re1+ 38. Kc2 Re4 39. f3 Re3 40. Qxh7 Rxf3 41. g4 Rf1 42. Qd3 Qe1 43. g5 Rg1 44. Qd8+ Ka7 45. Qd4+ Kb8 46. Rh2 b6 47. Qd8+ Kb7 48. Qd5+ Ka7 49. Rh8 Qc1+ 50. Kb3 Qd1+ 51. Qxd1 Rxd1 52. Kc4 Kb7 53. g6 Kc6 54. g7 1-0

[Event "HUN-chT2 Barcza 0506"]
[Site "Hungary"]
[Date "2005.10.30"]
[Round "2"]
[White "Lorincz, Otto"]
[Black "Berek, Geza"]
[Result "1/2-1/2"]
[WhiteElo "2045"]
[BlackElo "2082"]
[PlyCount "123"]
[EventDate "2005.10.16"]
[EventType "team"]
[EventRounds "11"]
[EventCountry "HUN"]
[SourceTitle "EXT 2009"]
[Source "ChessBase"]
[SourceDate "2008.11.26"]
[SourceVersion "1"]
[SourceVersionDate "2008.11.26"]
[SourceQuality "1"]
[WhiteTeam "Tiszaujvaros"]
[BlackTeam "Debrecen Betu"]
[WhiteTeamCountry "HUN"]
[BlackTeamCountry "HUN"]

1. e4 Nf6 2. e5 Nd5 3. d4 d6 4. c4 Nb6 5. exd6 cxd6 6. Nc3 g6 7. Be3 Bg7 8. Qd2 0-0 9. h3 d5 10. b3 dxc4 11. bxc4 Nc6 12. Nf3 Na5 13. c5 Nac4 14. Qc2 Nxe3 15. fxe3 Nd5 16. Nxd5 Qxd5 17. Bc4 Qc6 18. Qb3 e6 19. Rc1 b6 20. Bb5 Qc7 21. Kf2 a6 22. Qa4 Bb7 23. cxb6 Qxb6 24. Be2 Rfc8 25. Rb1 Qa7 26. Rb2 Bc6 27. Qa5 Bf6 28. Rhb1 Be4 29. Rd1 Bd8 30. Qe5 Bc6 31. Rc1 Qd7 32. Rbc2 Bb7 33. Rc5 Bb6 34. Rxc8+ Rxc8 35. Rxc8+ Bxc8 36. Qb8 Qc7 37. Qxc7 Bxc7 38. e4 Kf8 39. Ke3 Ke7 40. Kd3 a5 41. Kc3 Bb7 42. Bd3 f6 43. Kc4 f5 44. d5 exd5+ 45. exd5 Kd6 46. Kb5 Bxd5 47. Bc4 Bc6+ 48. Ka6 Kc5 49. Bg8 Bd5 50. Bxh7 Bxa2 51. Bxg6 Be6 52. Be8 Bc4+ 53. Kb7 Bf4 54. Bd7 Bd3 55. Nh4 Kb4 56. Nxf5 Be4+ 57. Ka6 Bxg2 58. Nd4 a4 59. Nc2+ Kb3 60. Nd4+ Kc4 61. Bxa4 Kxd4 62. Bd7 1/2-1/2

[Event "HUN-chT2 Barcza 0405"]
[Site "Hungary"]
[Date "2005.02.20"]
[Round "8"]
[White "Vass, Laszlo"]
[Black "Lorincz, Otto"]
[Result "1/2-1/2"]
[WhiteElo "2036"]
[BlackElo "2039"]
[PlyCount "77"]
[EventDate "2004.09.26"]
[EventType "team"]
[EventRounds "11"]
[EventCountry "HUN"]
[SourceTitle "EXT 2009"]
[Source "ChessBase"]
[SourceDate "2008.11.26"]
[SourceVersion "1"]
[SourceVersionDate "2008.11.26"]
[SourceQuality "1"]
[WhiteTeam "Nadudvar"]
[BlackTeam "Tiszaujvaros"]
[WhiteTeamCountry "HUN"]
[BlackTeamCountry "HUN"]

1. e4 e6 2. d4 d5 3. exd5 exd5 4. Nf3 Nf6 5. c4 Be7 6. Bd3 Bg4 7. 0-0 0-0 8. Be3 Nc6 9. c5 Ne4 10. h3 Bh5 11. Be2 f5 12. Bf4 Bf6 13. Ne5 Bxe2 14. Nxc6 bxc6 15. Qxe2 Bxd4 16. Be3 Qf6 17. Bxd4 Qxd4 18. Nc3 Qxc5 19. Rac1 Qd6 20. Rc2 c5 21. Rd1 Nxc3 22. Rxc3 a6 23. Qc2 Rab8 24. Rxc5 Rxb2 25. Qc3 d4 26. Qc4+ Kh8 27. Rxc7 Rb4 28. Qc1 Rb6 29. Rc4 d3 30. Rc8 h6 31. Rxd3 Qxd3 32. Rxf8+ Kh7 33. Qc8 Qb1+ 34. Kh2 Qxa2 35. Qxf5+ Rg6 36. h4 Qe6 37. Qd3 Qd6+ 38. Qxd6 Rxd6 39. Rf5 1/2-1/2

[Event "Zuzmara op"]
[Site "Aggtelek"]
[Date "2005.02.10"]
[Round "1"]
[White "Lorincz, Otto"]
[Black "Varga, Peter"]
[Result "0-1"]
[WhiteElo "2039"]
[BlackElo "2432"]
[PlyCount "98"]
[EventDate "2005.02.10"]
[EventType "swiss"]
[EventRounds "7"]
[EventCountry "HUN"]
[SourceTitle "EXT 2008"]
[Source "ChessBase"]
[SourceDate "2007.11.25"]
[SourceVersion "1"]
[SourceVersionDate "2007.11.25"]
[SourceQuality "1"]

1. e4 c5 2. Nf3 Nc6 3. d4 cxd4 4. Nxd4 Qc7 5. Nc3 e6 6. a3 a6 7. Be3 Nf6 8. Be2 d6 9. Qd2 Be7 10. f4 0-0 11. 0-0 Nxd4 12. Bxd4 b5 13. e5 dxe5 14. Bxe5 Qb6+ 15. Bd4 Bc5 16. Bxc5 Qxc5+ 17. Kh1 Bb7 18. Rad1 Rac8 19. Qd6 Qf5 20. Qd3 Ne4 21. Bf3 Nxc3 22. Bxb7 Nxd1 23. Qxf5 exf5 24. Bxc8 Ne3 25. Rf3 Rd8 26. Kg1 Rd1+ 27. Kf2 Nxc2 28. Bxa6 Rd2+ 29. Kg3 Nd4 30. Re3 g6 31. b4 Kg7 32. h3 h5 33. h4 f6 34. Kh3 Kh6 35. Kg3 g5 36. hxg5+ fxg5 37. fxg5+ Kxg5 38. Kh3 h4 39. Rc3 Ne2 40. Re3 Nf4+ 41. Kh2 Nxg2 42. Re5 Ne3+ 43. Kg1 Rd1+ 44. Kf2 Ng4+ 45. Ke2 Rd6 46. Rxb5 Rxa6 47. Ra5 Re6+ 48. Kf3 Re3+ 49. Kg2 h3+ 0-1

[Event "HUN-chT2 Barcza 0405"]
[Site "Hungary"]
[Date "2004.09.26"]
[Round "1"]
[White "Ats, Laszlo Gyorgy"]
[Black "Lorincz, Otto"]
[Result "1-0"]
[WhiteElo "2095"]
[BlackElo "2039"]
[PlyCount "133"]
[EventDate "2004.09.26"]
[EventType "team"]
[EventRounds "11"]
[EventCountry "HUN"]
[SourceTitle "EXT 2009"]
[Source "ChessBase"]
[SourceDate "2008.11.26"]
[SourceVersion "1"]
[SourceVersionDate "2008.11.26"]
[SourceQuality "1"]
[WhiteTeam "Derecske"]
[BlackTeam "Tiszaujvaros"]
[WhiteTeamCountry "HUN"]
[BlackTeamCountry "HUN"]

1. e4 g6 2. d4 Bg7 3. Be3 d6 4. Bd3 Nf6 5. f3 Nbd7 6. Qd2 h5 7. Ne2 e5 8. d5 Nh7 9. c4 b6 10. Nbc3 a6 11. Bc2 Bb7 12. a4 a5 13. Nb5 Ba6 14. Nec3 Rc8 15. 0-0 0-0 16. g4 hxg4 17. fxg4 Qh4 18. Qg2 Ng5 19. b3 Bh6 20. Kh1 Kg7 21. Rad1 Nh3 22. Rf3 Nf4 23. Qg3 Qe7 24. h4 Rh8 25. Kg1 g5 26. h5 Bxb5 27. axb5 Nf6 28. Kf2 Nd7 29. Qg1 Nf6 30. Bc1 Qd7 31. Bxf4 exf4 32. Rxf4 gxf4 33. g5 Ng4+ 34. Kf3 Bxg5 35. Qxg4 Qxg4+ 36. Kxg4 f6 37. Ne2 Kf7 38. Rh1 Rcg8 39. Rh3 Rh6 40. Rc3 Rc8 41. Nd4 f3 42. Nxf3 Bc1 43. Bd1 Bb2 44. Rc2 Ba1 45. Nh4 Rh7 46. Kf5 Bd4 47. Bg4 Bc5 48. Kf4 Re8 49. Bf5 Rh6 50. Bg6+ Rxg6 51. hxg6+ Kg8 52. Nf5 Re5 53. Rh2 Ba3 54. g7 Rxf5+ 55. Kxf5 Kxg7 56. Ke6 Bc5 57. Rg2+ Kf8 58. Kxf6 Ke8 59. Rg8+ Kd7 60. Rg7+ Kc8 61. Ke6 Bd4 62. Rg8+ Kb7 63. Kd7 Bc5 64. Rc8 Bb4 65. Rxc7+ Kb8 66. Rc6 Kb7 67. Rxd6 1-0

[Event "HUN-chT2 Barcza 0304"]
[Site "Hungary"]
[Date "2004.04.18"]
[Round "11"]
[White "Cselenyi, Balazs"]
[Black "Lorincz, Otto"]
[Result "1-0"]
[WhiteElo "2064"]
[BlackElo "2052"]
[PlyCount "53"]
[EventDate "2003.08.29"]
[EventType "team"]
[EventRounds "11"]
[EventCountry "HUN"]
[SourceTitle "EXT 2009"]
[Source "ChessBase"]
[SourceDate "2008.11.26"]
[SourceVersion "1"]
[SourceVersionDate "2008.11.26"]
[SourceQuality "1"]
[WhiteTeam "Miskolc EMSE"]
[BlackTeam "Tiszaujvaros"]
[WhiteTeamCountry "HUN"]
[BlackTeamCountry "HUN"]

1. d4 Nf6 2. c4 e6 3. Nf3 d5 4. Bg5 Nbd7 5. Nc3 Be7 6. Rc1 c6 7. e3 Qa5 8. Bd3 h6 9. Bh4 0-0 10. 0-0 Qd8 11. a3 b6 12. cxd5 Nxd5 13. Bg3 Bb7 14. Nxd5 exd5 15. b4 a5 16. Qb3 axb4 17. axb4 Ra7 18. Bf5 Bf6 19. Ra1 Ra8 20. Rxa8 Bxa8 21. Ra1 Re8 22. Ra7 Nf8 23. Bc7 Qe7 24. Bxb6 Qd6 25. Qa3 Rb8 26. Bc7 Qxb4 27. Bxb8 1-0

[Event "HUN-chT2 Barcza 0304"]
[Site "Hungary"]
[Date "2004.03.21"]
[Round "9"]
[White "Lorincz, Otto"]
[Black "Majdanics, Imre"]
[Result "1/2-1/2"]
[WhiteElo "2052"]
[BlackElo "1990"]
[PlyCount "125"]
[EventDate "2003.08.29"]
[EventType "team"]
[EventRounds "11"]
[EventCountry "HUN"]
[SourceTitle "EXT 2009"]
[Source "ChessBase"]
[SourceDate "2008.11.26"]
[SourceVersion "1"]
[SourceVersionDate "2008.11.26"]
[SourceQuality "1"]
[WhiteTeam "Tiszaujvaros"]
[BlackTeam "Derecske"]
[WhiteTeamCountry "HUN"]
[BlackTeamCountry "HUN"]

1. e4 d6 2. d4 g6 3. f4 f5 4. e5 dxe5 5. fxe5 Nc6 6. Nf3 e6 7. a3 Bh6 8. c3 Bd7 9. Nbd2 g5 10. h3 Nce7 11. Nh2 Nd5 12. Qh5+ Kf8 13. Nb3 Nf4 14. Bxf4 gxf4 15. Nc5 Rb8 16. Bc4 Qe7 17. Nf3 b6 18. Nxd7+ Qxd7 19. 0-0-0 c6 20. Rhg1 b5 21. Bb3 Qe7 22. Kb1 a5 23. g4 fxg3 24. Rxg3 b4 25. cxb4 axb4 26. a4 Bf4 27. Rg2 Nh6 28. Ng5 Bxg5 29. Rxg5 Nf7 30. Rg2 Rd8 31. Rdg1 Rxd4 32. Qxh7 Rg4 33. Qxh8+ Nxh8 34. hxg4 f4 35. g5 Ng6 36. Rf1 Kg7 37. Bc2 Nxe5 38. Rxf4 Qc5 39. Rgf2 Qd5 40. Rh2 b3 41. Rh7+ Kg8 42. Bxb3 Qxb3 43. Rfh4 Nd3 44. Rh8+ Kg7 45. R8h7+ Kg6 46. R7h6+ Kxg5 47. R6h5+ Kf6 48. Rh6+ Ke5 49. R6h5+ Kd6 50. Rh2 Qd1+ 51. Ka2 Qxa4+ 52. Kb1 c5 53. Rd2 c4 54. Rh4 Qb3 55. Rc2 Kd5 56. Rh8 e5 57. Rd8+ Ke4 58. Rc8 Kd4 59. Rd8+ Ke3 60. Rc8 Qb5 61. R8xc4 Nxb2 62. Rc5 Qa4 63. Rxe5+ 1/2-1/2

[Event "HUN-chT2 Barcza 0304"]
[Site "Hungary"]
[Date "2003.11.30"]
[Round "4"]
[White "Lorincz, Otto"]
[Black "Lengyel, Istvan"]
[Result "1-0"]
[WhiteElo "2052"]
[BlackElo "2127"]
[PlyCount "75"]
[EventDate "2003.08.29"]
[EventType "team"]
[EventRounds "11"]
[EventCountry "HUN"]
[SourceTitle "EXT 2009"]
[Source "ChessBase"]
[SourceDate "2008.11.26"]
[SourceVersion "1"]
[SourceVersionDate "2008.11.26"]
[SourceQuality "1"]
[WhiteTeam "Tiszaujvaros"]
[BlackTeam "Hajduszoboszlo"]
[WhiteTeamCountry "HUN"]
[BlackTeamCountry "HUN"]

1. e4 c5 2. Nf3 d6 3. d4 cxd4 4. Nxd4 Nf6 5. Nc3 g6 6. Be2 Bg7 7. Be3 Nc6 8. f4 0-0 9. Rb1 a6 10. 0-0 Qc7 11. Nxc6 bxc6 12. Bf3 Rd8 13. Qe2 a5 14. Qf2 Re8 15. h3 Bb7 16. Rfd1 c5 17. Re1 Nd7 18. Nb5 Qb6 19. a4 Bc6 20. c4 f6 21. Red1 Qb7 22. Re1 Rf8 23. Qc2 f5 24. Bc1 Nf6 25. Nc3 fxe4 26. Nxe4 Nxe4 27. Bxe4 Bxe4 28. Rxe4 Bd4+ 29. Kh2 e5 30. Qe2 Qd7 31. b3 Rf5 32. Be3 Kf7 33. Bxd4 exd4 34. Re1 Kf8 35. Re7 Qd8 36. Qe6 Qc8 37. Qxd6 Ra6 38. Re8+ 1-0

[Event "HUN-chT2 Barcza 0304"]
[Site "Hungary"]
[Date "2003.11.16"]
[Round "3"]
[White "Lorincz, Otto"]
[Black "Benczik, Lajos"]
[Result "1-0"]
[WhiteElo "2052"]
[BlackElo "1877"]
[PlyCount "53"]
[EventDate "2003.08.29"]
[EventType "team"]
[EventRounds "11"]
[EventCountry "HUN"]
[SourceTitle "EXT 2009"]
[Source "ChessBase"]
[SourceDate "2008.11.26"]
[SourceVersion "1"]
[SourceVersionDate "2008.11.26"]
[SourceQuality "1"]
[WhiteTeam "Tiszaujvaros"]
[BlackTeam "Debrecen Betu"]
[WhiteTeamCountry "HUN"]
[BlackTeamCountry "HUN"]

1. e4 c5 2. Nf3 d6 3. d4 cxd4 4. Nxd4 Nf6 5. Nc3 e6 6. Be2 a6 7. Be3 Nc6 8. a4 Bd7 9. f4 Qc7 10. Bf3 Rc8 11. Nxc6 Bxc6 12. a5 Nd7 13. 0-0 Be7 14. Rf2 0-0 15. Na4 Bxa4 16. Rxa4 e5 17. Bg4 Rcd8 18. Bxd7 Rxd7 19. b3 Bf6 20. f5 Bd8 21. f6 Re8 22. Qg4 g6 23. Rc4 Qxa5 24. Qxd7 Qe1+ 25. Rf1 Qxe3+ 26. Kh1 Rf8 27. Qxd6 1-0

[Event "HUN-chT2 Barcza 0304"]
[Site "Hungary"]
[Date "2003.10.05"]
[Round "2"]
[White "Lorincz, Otto"]
[Black "Benyovszki, Pal"]
[Result "0-1"]
[WhiteElo "2052"]
[BlackElo "2076"]
[PlyCount "77"]
[EventDate "2003.08.29"]
[EventType "team"]
[EventRounds "11"]
[EventCountry "HUN"]
[SourceTitle "EXT 2009"]
[Source "ChessBase"]
[SourceDate "2008.11.26"]
[SourceVersion "1"]
[SourceVersionDate "2008.11.26"]
[SourceQuality "1"]
[WhiteTeam "Tiszaujvaros"]
[BlackTeam "DEAC"]
[WhiteTeamCountry "HUN"]
[BlackTeamCountry "HUN"]

1. e4 c5 2. Nf3 d6 3. d4 cxd4 4. Nxd4 Nf6 5. Nc3 g6 6. Be2 Bg7 7. Be3 0-0 8. h3 Nc6 9. Qd2 Bd7 10. f4 Rc8 11. Nxc6 Bxc6 12. Bf3 Qc7 13. 0-0 b5 14. a3 a5 15. Qd3 Qb7 16. Bd4 Rfd8 17. Qe3 Ra8 18. e5 dxe5 19. fxe5 Nd5 20. Nxd5 Bxd5 21. Bc5 Bxf3 22. Rxf3 Rd5 23. Bd4 Qc7 24. Re1 Qxc2 25. Bc3 Qa4 26. Rf4 Bh6 27. Qf3 Bxf4 28. Qxd5 Rc8 29. Re4 Rc4 30. e6 f6 31. Qd8+ Kg7 32. Qxe7+ Kh6 33. Qf8+ Kh5 34. g4+ Kh4 35. Qxf6+ g5 36. Be1+ Kxh3 37. Re2 Re4 38. Qh6+ Kxg4 39. Rg2+ 0-1

[Event "Miskolc Avas op"]
[Site "Miskolc"]
[Date "2003.08.17"]
[Round "7"]
[White "Somodi, Balazs"]
[Black "Lorincz, Otto"]
[Result "1-0"]
[WhiteElo "2172"]
[BlackElo "2052"]
[PlyCount "63"]
[EventDate "2003.08.14"]
[EventType "swiss"]
[EventRounds "7"]
[EventCountry "HUN"]
[SourceTitle "EXT 2005"]
[Source "ChessBase"]
[SourceDate "2004.11.15"]
[SourceVersion "1"]
[SourceVersionDate "2004.11.15"]
[SourceQuality "1"]

1. d4 Nf6 2. c4 e6 3. Nc3 d5 4. Bg5 Nbd7 5. e3 Be7 6. Nf3 c6 7. Qc2 b6 8. cxd5 cxd5 9. Bd3 0-0 10. Ne5 h6 11. Nc6 Qe8 12. Nb5 Nc5 13. Nxe7+ Qxe7 14. Bh7+ Kh8 15. Bxf6 Qxf6 16. dxc5 g6 17. cxb6 axb6 18. Bxg6 fxg6 19. 0-0 Ba6 20. a4 Rac8 21. Qd2 Rc5 22. Rfc1 Rfc8 23. Rxc5 Rxc5 24. Rc1 Qe7 25. Rxc5 Qxc5 26. Qd4+ Kh7 27. Qxc5 bxc5 28. Nc7 Bc8 29. a5 Kg7 30. a6 Kf7 31. a7 Bb7 32. a8Q 1-0

[Event "Miskolc op"]
[Site "Miskolc"]
[Date "2001.??.??"]
[Round "2"]
[White "Ligart, Tamas"]
[Black "Lorincz, Otto"]
[Result "1-0"]
[WhiteElo "2116"]
[BlackElo "2005"]
[PlyCount "45"]
[EventDate "2001.??.??"]
[EventType "swiss"]
[EventRounds "9"]
[EventCountry "HUN"]
[SourceTitle "EXT 2002"]
[Source "ChessBase"]
[SourceDate "2001.11.25"]
[SourceVersion "1"]
[SourceVersionDate "2001.11.25"]
[SourceQuality "1"]

1. e4 d5 2. exd5 Qxd5 3. Nc3 Qa5 4. d4 c6 5. Bc4 Nf6 6. Nf3 Bg4 7. h3 Bf5 8. Bd2 Qd8 9. Bb3 h6 10. Qe2 Na6 11. g4 Bh7 12. Ne5 Bg8 13. d5 Nb8 14. dxc6 Nxc6 15. 0-0-0 Nxe5 16. Qxe5 Nd7 17. Ba4 f6 18. Qe4 e5 19. Be3 Be6 20. Bxd7+ Bxd7 21. Qg6+ Ke7 22. Bc5+ Ke6 23. Qf5+ 1-0

[Event "Miskolc op"]
[Site "Miskolc"]
[Date "2001.??.??"]
[Round "5"]
[White "Lorincz, Otto"]
[Black "Bukta, Tamas"]
[Result "0-1"]
[WhiteElo "2005"]
[BlackElo "2084"]
[PlyCount "58"]
[EventDate "2001.??.??"]
[EventType "swiss"]
[EventRounds "9"]
[EventCountry "HUN"]
[SourceTitle "EXT 2002"]
[Source "ChessBase"]
[SourceDate "2001.11.25"]
[SourceVersion "1"]
[SourceVersionDate "2001.11.25"]
[SourceQuality "1"]

1. e4 c5 2. Nf3 Nc6 3. d4 cxd4 4. Nxd4 Nf6 5. Nc3 e5 6. Ndb5 d6 7. Nd5 Nxd5 8. exd5 Ne7 9. c4 Nf5 10. Bd3 Be7 11. g4 Nh4 12. Rg1 a6 13. Nc3 Bg5 14. Be4 Ng6 15. Bf5 Bxc1 16. Rxc1 0-0 17. Qc2 Qh4 18. Rh1 Nf4 19. Qe4 g6 20. Bxc8 Raxc8 21. h3 f5 22. Qf3 Rxc4 23. Kd2 Rd4+ 24. Kc2 Nd3 25. Rcf1 fxg4 26. Qe3 Rxf2+ 27. Kb3 Rxb2+ 28. Ka3 Qd8 29. Qxd3 Rbb4 0-1

[Event "Miskolc op"]
[Site "Miskolc"]
[Date "2001.??.??"]
[Round "3"]
[White "Lorincz, Otto"]
[Black "Varadi, Viktor"]
[Result "0-1"]
[WhiteElo "2005"]
[BlackElo "2345"]
[PlyCount "90"]
[EventDate "2001.??.??"]
[EventType "swiss"]
[EventRounds "9"]
[EventCountry "HUN"]
[SourceTitle "EXT 2002"]
[Source "ChessBase"]
[SourceDate "2001.11.25"]
[SourceVersion "1"]
[SourceVersionDate "2001.11.25"]
[SourceQuality "1"]

1. e4 c5 2. Nf3 d6 3. d4 cxd4 4. Nxd4 Nf6 5. Nc3 e6 6. Bc4 a6 7. Bg5 Be7 8. f4 b5 9. Bd3 Bb7 10. Qe2 h6 11. Bxf6 Bxf6 12. Qf2 Nd7 13. a3 Nc5 14. 0-0 0-0 15. Rad1 Qc7 16. Rfe1 Nxd3 17. Rxd3 Rac8 18. Nf3 Qa5 19. e5 dxe5 20. fxe5 Be7 21. b4 Qc7 22. Re2 Rfd8 23. Rxd8+ Rxd8 24. Re3 Rd7 25. Nd2 Bg5 26. Nb3 Bxe3 27. Qxe3 Qc6 28. Qg3 Qc4 29. Nc5 Qd4+ 30. Kf1 Rc7 31. Ke2 Bxg2 32. Nxb5 axb5 33. Qxg2 Qxe5+ 34. Kd2 Qd4+ 35. Ke2 Ra7 36. Qc6 Rxa3 37. Nd3 Rc3 38. Qe8+ Kh7 39. Kd2 Qc4 40. Qxf7 Rxc2+ 41. Ke3 Rc3 42. Qd7 e5 43. Qf5+ Kg8 44. Qd7 Qf4+ 45. Ke2 Rc2+ 0-1

[Event "Miskolc Avas op"]
[Site "Miskolc"]
[Date "1999.??.??"]
[Round "2"]
[White "Gonczi, Jozsef"]
[Black "Lorincz, Otto"]
[Result "1/2-1/2"]
[WhiteElo "2210"]
[BlackElo "2005"]
[PlyCount "130"]
[EventDate "1999.??.??"]
[EventType "swiss"]
[EventRounds "9"]
[EventCountry "HUN"]
[SourceTitle "EXT 2000"]
[Source "ChessBase"]
[SourceDate "1999.11.16"]
[SourceVersion "1"]
[SourceVersionDate "1999.11.16"]
[SourceQuality "1"]

1. e4 d5 2. exd5 Qxd5 3. Nc3 Qa5 4. d4 c6 5. Nf3 Nf6 6. Bd2 Qc7 7. Be2 Bg4 8. 0-0 e6 9. Ne5 Bxe2 10. Qxe2 Bd6 11. Rfe1 0-0 12. Rad1 Re8 13. Bf4 Nbd7 14. Bg3 a6 15. Na4 Bxe5 16. dxe5 Nd5 17. c4 Ne7 18. Nc3 Nb6 19. Ne4 Nf5 20. Qg4 Kh8 21. Nd6 Nxd6 22. exd6 Qd7 23. h4 c5 24. h5 h6 25. Re3 e5 26. Qxd7 Nxd7 27. Rde1 Re6 28. Bxe5 Rae8 29. Bf4 Kg8 30. Kf1 Kf8 31. Ke2 Rxe3+ 32. Bxe3 f5 33. Kd2 Re6 34. Bf4 Rxe1 35. Kxe1 Ke8 36. Be3 b6 37. Kd2 Ne5 38. b3 Kd7 39. Bf4 Kxd6 40. Ke3 Ke6 41. f3 b5 42. Bxe5 Kxe5 43. cxb5 axb5 44. a4 c4 45. a5 cxb3 46. Kd3 Kd5 47. Kc3 Kc5 48. Kxb3 f4 49. Kc3 b4+ 50. Kb3 Kb5 51. a6 Kxa6 52. Kxb4 Kb6 53. Kc4 Kc6 54. Kd4 Kd6 55. Ke4 Ke6 56. Kxf4 Kf6 57. g3 Ke6 58. Ke4 Kf6 59. f4 Ke6 60. g4 Kf6 61. Kd5 Kf7 62. Ke5 Ke7 63. Kf5 Kf7 64. g5 hxg5 65. fxg5 Kf8 1/2-1/2

[Event "Miskolc Avas op"]
[Site "Miskolc"]
[Date "1999.??.??"]
[Round "3"]
[White "Lorincz, Otto"]
[Black "Meszaros, Andras"]
[Result "0-1"]
[WhiteElo "2005"]
[BlackElo "2335"]
[PlyCount "90"]
[EventDate "1999.??.??"]
[EventType "swiss"]
[EventRounds "9"]
[EventCountry "HUN"]
[SourceTitle "EXT 2000"]
[Source "ChessBase"]
[SourceDate "1999.11.16"]
[SourceVersion "1"]
[SourceVersionDate "1999.11.16"]
[SourceQuality "1"]

1. e4 d5 2. exd5 Nf6 3. Nc3 Nxd5 4. Nxd5 Qxd5 5. Nf3 e5 6. d3 Nc6 7. Be2 Be7 8. Be3 0-0 9. 0-0 h6 10. h3 f5 11. b3 Kh8 12. Nh2 Be6 13. f4 e4 14. dxe4 Qxe4 15. Qd3 Nb4 16. Qxe4 fxe4 17. Rfc1 Nd5 18. Bd4 Nxf4 19. Bf1 Rad8 20. Be5 Bc5+ 21. Kh1 c6 22. Rd1 Nd5 23. c4 Ne3 24. Rxd8 Rxd8 25. Bc3 Nd1 26. Be1 Nf2+ 27. Bxf2 Bxf2 28. g4 Bf7 29. Bg2 Bg6 30. Nf1 Rd3 31. Rc1 c5 32. Kh2 b6 33. Rc2 Bd4 34. h4 h5 35. gxh5 Bf5 36. Re2 e3 37. Bh3 Be5+ 38. Kg2 Be4+ 39. Kg1 Bf4 40. Bg2 Bf5 41. Bf3 Rc3 42. Kg2 Bd3 43. Rb2 Rc1 44. Be2 Be4+ 45. Bf3 Bxf3+ 0-1

[Event "Miskolc Avas op"]
[Site "Miskolc"]
[Date "1999.??.??"]
[Round "6"]
[White "Toth, Tamas"]
[Black "Lorincz, Otto"]
[Result "0-1"]
[WhiteElo "2000"]
[BlackElo "2005"]
[PlyCount "157"]
[EventDate "1999.??.??"]
[EventType "swiss"]
[EventRounds "9"]
[EventCountry "HUN"]
[SourceTitle "EXT 2000"]
[Source "ChessBase"]
[SourceDate "1999.11.16"]
[SourceVersion "1"]
[SourceVersionDate "1999.11.16"]
[SourceQuality "1"]

1. e4 g6 2. d4 Bg7 3. Nf3 d6 4. Be3 Nf6 5. Bd3 0-0 6. Nc3 Nc6 7. h3 e5 8. d5 Ne7 9. Qd2 a6 10. Bh6 Ne8 11. Bxg7 Nxg7 12. g4 b5 13. Qh6 Ne8 14. 0-0-0 Nf6 15. Rdg1 Kh8 16. Ne2 Neg8 17. Qe3 b4 18. Ng3 Nd7 19. g5 Nc5 20. h4 Nxd3+ 21. Qxd3 Bg4 22. Nd2 a5 23. f3 Bd7 24. Qe3 Qe7 25. h5 a4 26. Rh2 Kg7 27. Rgh1 Rfb8 28. hxg6 hxg6 29. Qg1 Kf8 30. Rh8 Qxg5 31. Qh2 Ke7 32. Rg1 Qf4 33. Qh1 a3 34. b3 Qe3 35. Kd1 Nf6 36. Rxb8 Rxb8 37. Ne2 Bb5 38. Rg2 Bxe2+ 39. Rxe2 Qc3 40. Re1 Re8 41. Qg1 Nh5 42. Qg5+ Kd7 43. Qg4+ Kd8 44. Qg5+ Re7 45. Qe3 Qb2 46. Qa7 Rd7 47. Qb8+ Ke7 48. Qxb4 Nf4 49. Nc4 Qd4+ 50. Qd2 Qa1+ 51. Qc1 Qxa2 52. Qxa3 Qxa3 53. Nxa3 Rd8 54. Nb5 Kd7 55. Rh1 Nh5 56. Kd2 Ra8 57. Nc3 Kc8 58. Na4 Kb7 59. c4 Ka6 60. Ra1 Kb7 61. Kc3 Rf8 62. b4 f5 63. Kd3 Ng3 64. exf5 gxf5 65. Rg1 f4 66. c5 Ra8 67. c6+ Kb8 68. Nc3 Ra3 69. Kc4 Ra7 70. Rg2 Ra1 71. Rh2 Rh1 72. Ra2 Rf1 73. Rh2 Rh1 74. Ra2 Rh3 75. Nb5 Nf5 76. Ra7 Ne3+ 77. Kb3 Nxd5 78. Rb7+ Kc8 79. Ra7 0-1

[Event "Miskolc Avas op"]
[Site "Miskolc"]
[Date "1998.??.??"]
[Round "4"]
[White "Dudas, Peter"]
[Black "Lorincz, Otto"]
[Result "1-0"]
[WhiteElo "2125"]
[BlackElo "2005"]
[PlyCount "123"]
[EventDate "1998.09.??"]
[EventType "swiss"]
[EventRounds "9"]
[EventCountry "HUN"]
[SourceTitle "EXT 1999"]
[Source "ChessBase"]
[SourceDate "1998.11.16"]
[SourceVersion "1"]
[SourceVersionDate "1998.11.16"]
[SourceQuality "1"]

1. e4 e6 2. d4 d5 3. e5 c5 4. c3 Nc6 5. Nf3 h6 6. Bd3 cxd4 7. cxd4 Bb4+ 8. Nc3 Bd7 9. 0-0 a6 10. Ne2 Nge7 11. a3 Ba5 12. Nf4 g6 13. Be3 Bc8 14. b4 Bb6 15. Qb3 Bd7 16. h4 Rc8 17. Qb1 Rg8 18. Qb3 Kf8 19. Ne2 Na7 20. Bxh6+ Ke8 21. a4 Bc6 22. Bg5 Bd7 23. g3 Nac6 24. Kg2 Qc7 25. Rac1 Qb8 26. g4 Qa7 27. Be3 a5 28. b5 Nb4 29. Ng3 Nxd3 30. Qxd3 Bd8 31. Ng5 Rxc1 32. Rxc1 Nc8 33. Nh7 Bxh4 34. g5 Rh8 35. Nf6+ Kd8 36. Nxd7 Kxd7 37. Qc3 Qb6 38. Bd2 Bxg3 39. fxg3 Ne7 40. Qxa5 Qxa5 41. Bxa5 Rc8 42. Rc5 Nf5 43. Bc3 b6 44. Rxc8 Kxc8 45. Kf3 Kb7 46. g4 Ng7 47. Ke2 Ne8 48. Kd3 Nc7 49. Kc2 Ka7 50. Kb3 Kb7 51. Kb4 Na8 52. Kb3 Nc7 53. Bb4 Kc8 54. Bd6 Na8 55. Kc3 Kb7 56. Kb4 Kc8 57. a5 Kb7 58. Bc5 bxa5+ 59. Kxa5 Nc7 60. Bb6 Na8 61. Bd8 Kc8 62. b6 1-0

[Event "Miskolc Avas op"]
[Site "Miskolc"]
[Date "1998.??.??"]
[Round "9"]
[White "Gonczi, Jozsef"]
[Black "Lorincz, Otto"]
[Result "1-0"]
[WhiteElo "2140"]
[BlackElo "2005"]
[PlyCount "79"]
[EventDate "1998.09.??"]
[EventType "swiss"]
[EventRounds "9"]
[EventCountry "HUN"]
[SourceTitle "EXT 1999"]
[Source "ChessBase"]
[SourceDate "1998.11.16"]
[SourceVersion "1"]
[SourceVersionDate "1998.11.16"]
[SourceQuality "1"]

1. e4 g6 2. d4 Bg7 3. Nc3 d6 4. f4 Nf6 5. Nf3 0-0 6. Bd3 Bg4 7. h3 Bxf3 8. Qxf3 e5 9. fxe5 dxe5 10. Bg5 h6 11. Bh4 g5 12. dxe5 Nfd7 13. Bg3 Nxe5 14. Bxe5 Bxe5 15. 0-0-0 Qf6 16. Qh5 Bxc3 17. bxc3 Kg7 18. h4 Nc6 19. hxg5 Qxg5+ 20. Qxg5+ hxg5 21. Rh5 Kg6 22. Rdh1 Ne5 23. Rh7 Kf6 24. Rf1+ Ke6 25. Rf5 Rad8 26. Be2 g4 27. Rg7 Rg8 28. Rgg5 f6 29. Rxe5+ fxe5 30. Bc4+ Kf6 31. Rxg8 Rd6 32. Rxg4 Rc6 33. Bd5 Rxc3 34. Bxb7 c6 35. Ba6 c5 36. Kd2 Ra3 37. Bc4 Ra4 38. Kd3 Rb4 39. Rg8 Rb1 40. g4 1-0